Epidemiology for advanced nursing practice / (Record no. 25488)
[ view plain ]
| 000 -LEADER | |
|---|---|
| fixed length control field | 01840 am a22002655a 4500 |
| 001 - CONTROL NUMBER | |
| control field | ocn667592494 |
| 003 - CONTROL NUMBER IDENTIFIER | |
| control field | OSt |
| 005 - DATE AND TIME OF LATEST TRANSACTION | |
| control field | 20201128024158.0 |
| 008 - FIXED-LENGTH DATA ELEMENTS--GENERAL INFORMATION | |
| fixed length control field | 100923t2012 maua frb 001 0 eng d |
| 020 ## - INTERNATIONAL STANDARD BOOK NUMBER | |
| International Standard Book Number | 9780763789961 |
| 040 ## - CATALOGING SOURCE | |
| Original cataloging agency | DNLM/DLC |
| Language of cataloging | eng |
| Transcribing agency | DLC |
| Modifying agency | YDX |
| -- | BTCTA |
| -- | NLM |
| -- | YDXCP |
| -- | OKN |
| -- | CDX |
| -- | JVD |
| -- | VET |
| -- | OCLCF |
| -- | CHVBK |
| -- | HV6 |
| -- | EG-ScBUE |
| 082 04 - DEWEY DECIMAL CLASSIFICATION NUMBER | |
| Edition number | 22 |
| Classification number | 614.4 |
| Item number | EPI |
| 245 00 - TITLE STATEMENT | |
| Title | Epidemiology for advanced nursing practice / |
| Statement of responsibility, etc | edited by Kiran Macha, John P. McDonough. |
| 260 ## - PUBLICATION, DISTRIBUTION, ETC. (IMPRINT) | |
| Place of publication, distribution, etc | Sudbury : |
| Name of publisher, distributor, etc | Jones & Bartlett Learning, |
| Date of publication, distribution, etc | c.2012. |
| 300 ## - PHYSICAL DESCRIPTION | |
| Extent | x, 369 p. : |
| Other physical details | ill. ; |
| Dimensions | 25 cm. |
| 504 ## - BIBLIOGRAPHY, ETC. NOTE | |
| Bibliography, etc | Includes bibliographical references and index. |
| 505 0# - FORMATTED CONTENTS NOTE | |
| Formatted contents note | Epidemiology and its progress / Kiran Macha, John P. McDonough -- The role of epidemiology and statistics in advanced nursing practice / Peter Wludyka -- Study designs and their outcomes / Peter Wludyka -- Nursing resources for epidemiology / Kiran Macha, John P McDonough, Lillia Loriz -- Emerging infectious diseases / Kiran Macha, John P. McDonough -- Screening and prevention of diseases / Jan Meires, Carol Ledbetter -- Epidemiology of chronic diseases / Barbara Kruger -- Genetic epidemiology / Kiran Macha, John P. McDonough -- Environmental epidemiology / Michele Bednarzyk, Lillia Loriz -- The role of culture in epidemiology / Macha Kiran, John P. McDonough, Juergen Osterbrink -- Nursing in pandemics and emergency preparedness / Carol Ledbetter, Margaret Holder -- Legal and ethical issues in epidemiology / Macha Kiran, John P. McDonough -- Epidemiological applications in the clinical nursing sciences / Macha Kiran, John P. McDonough. |
| 650 #7 - SUBJECT ADDED ENTRY--TOPICAL TERM | |
| Topical term or geographic name as entry element | Epidemiology. |
| Source of heading or term | BUEsh |
| 650 #7 - SUBJECT ADDED ENTRY--TOPICAL TERM | |
| Topical term or geographic name as entry element | Nursing. |
| Source of heading or term | BUEsh |
| 9 (RLIN) | 2162 |
| 653 ## - INDEX TERM--UNCONTROLLED | |
| Resource For college | Nursing |
| Arrived date list | October2017 |
| 655 ## - INDEX TERM--GENRE/FORM | |
| Form subdivision | Text book |
| -- | 33728 |
| 700 1# - ADDED ENTRY--PERSONAL NAME | |
| Personal name | McDonough, John P., |
| Relator term | editor. |
| 9 (RLIN) | 36696 |
| 700 1# - ADDED ENTRY--PERSONAL NAME | |
| Personal name | Macha, Kiran, |
| Relator term | editor. |
| 942 ## - ADDED ENTRY ELEMENTS (KOHA) | |
| Source of classification or shelving scheme | Dewey Decimal Classification |
| Withdrawn status | Item status | Source of classification or shelving scheme | Damaged status | Not for loan | Vendor | Home library | Current library | Shelving location | Date acquired | Source of acquisition | Cost, normal purchase price | Total Checkouts | Full call number | Barcode | Date last seen | Koha item type | Date last borrowed |
|---|---|---|---|---|---|---|---|---|---|---|---|---|---|---|---|---|---|
| Dewey Decimal Classification | Baccah | Central Library | Central Library | First floor | 16/10/2017 | Purchase | 990.00 | 614.4 EPI | 000042140 | 15/07/2025 | NB - Book (Non borrowing) | ||||||
| Dewey Decimal Classification | Baccah | Central Library | Central Library | First floor | 16/10/2017 | Purchase | 990.00 | 614.4 EPI | 000042141 | 15/07/2025 | NB - Book (Non borrowing) | ||||||
| Dewey Decimal Classification | Baccah | Central Library | Central Library | First floor | 16/10/2017 | Purchase | 990.00 | 1 | 614.4 EPI | 000042142 | 15/07/2025 | Book - Borrowing | 27/10/2019 | ||||
| Dewey Decimal Classification | Baccah | Central Library | Central Library | First floor | 16/10/2017 | Purchase | 990.00 | 614.4 EPI | 000042143 | 15/07/2025 | Book - Borrowing | ||||||
| Dewey Decimal Classification | Baccah | Central Library | Central Library | First floor | 16/10/2017 | Purchase | 990.00 | 1 | 614.4 EPI | 000042144 | 15/07/2025 | Book - Borrowing | 16/07/2019 |